| 000 | 01236mc a2200277a 44500 | ||
|---|---|---|---|
| 001 | NM030165 | ||
| 003 | RG CODE MARC | ||
| 008 | 55020s1979 ||||||||||||||000 | spa|| | ||
| 005 | 20251028183344.0 | ||
| 020 | _a84-03-63003-4 | ||
| 040 | _aORG CODE MARC | ||
| 100 |
_aHegel, Georg Wilhelm Friedrich _d1770-1831 _940998 |
||
| 245 |
_aSobre la manera de tratar científicamente el derecho natural _bsu lugar en la filosofía práctica y su relación constitutiva con la ciencia positiva del derecho _cGeorg Wilhelm Friedrich Hegel |
||
| 250 | _a1ª ed. | ||
| 260 |
_aMadrid _bAguilar |
||
| 300 |
_ali, 179, [2] p. _b19 cm. |
||
| 490 | _aBiblioteca Aguilar de iniciación jurídica | ||
| 500 | _aTítulo original: über die wissenschaftlichen behandlungsarten des naturrechts, seine stelle in der praktischen philosophie und sein verhälnis zu den positiven rechtswissenschaften | ||
| 500 | _aIntroducción, traducción y notas por: Dalmacio Negro Pavón | ||
| 500 | _aPublicado originalmente en 1802-1803 | ||
| 505 | _tI. El empirismo | ||
| 505 | _tII. El formalismo | ||
| 505 | _tIII. La ciencia especulativa y el Derecho Natural | ||
| 505 | _tIV. La ciencia especulativa y las ciencias positivas del Derecho | ||
| 942 | _cBK | ||
| 999 |
_c29472 _d29472 |
||